000 00217 a2200097 4500
001 27758
100 _aToynbee, A
245 _aChoose life a dialogue
260 _a
_bOxford University Press
_c
090 _c18548
_d18548
942 _aNUST-CAE
_cM
_c9500
999 _c262831
_d262831